Nociones de lingüística jeneral según las clases del profesor Rodolfo Lenz

Saved in:
Bibliografiske detaljer
Hovedforfatter: Jenschke Weigle, María Luisa (Author)
Format: Bog
Sprog:spansk
Udgivet: Santiago Universitaria 1923
Fag:
Tags: Tilføj Tag
Ingen Tags, Vær først til at tagge denne postø!

MARC

LEADER 00000nam a2200000 a 4500
001 UCI0257
003 CL-VaPUC
008 070504e19230000CL |||||||||||||||||spa|d
082 0 4 |a 410  |b JEN  |2 21 
100 0 |a Jenschke Weigle, María Luisa  |e author  |9 520402 
245 1 0 |a Nociones de lingüística jeneral según las clases del profesor Rodolfo Lenz 
300 |a 150 p 
942 |c BK 
945 |d 20070504 00:00:00  |a jtorresc 
260 |a Santiago  |b Universitaria  |c 1923 
650 0 |a Lingüística  |9 265068 
583 |a last modification  |c 20130304 04:41:07  |k Rodrigo Vera 
999 |c 325495  |d 325493 
952 |0 0  |1 0  |4 0  |6 410_000000000000000_JEN_1923  |7 0  |8 A  |9 406472  |a FDOPOS  |b FDOPOS  |d 2019-11-22  |i 4274237  |o 410 JEN 1923  |p 4274237  |r 2025-01-22  |w 2019-11-22  |y BK  |k MLA